Contribuição ao estudo farmacognóstico da Piper ovatum Vahl (Registro n. 299890)
[ somente texto ]
| 000 -LÍDER | |
|---|---|
| fixed length control field | 04845nab a2200301 i 4500 |
| 003 - CÓDIGO MARC DA AGÊNCIA CATALOGADORA | |
| Campo de controle | BR-BrBNA |
| 005 - DATA E HORA DA ÚLTIMA ATUALIZAÇÃO | |
| Campo de controle | 20240604130714.0 |
| 008 - CAMPO DE TAMANHO FIXO | |
| fixed length control field | 240604b2015 bl.qr|pooa||| 00| 0 por | |
| 040 ## - FONTE DA CATALOGAÇÃO | |
| Agência catalogadora | BR-BrBNA |
| Idioma da catalogação | por |
| 072 ## - CATEGORIA AGRIS | |
| Código AGRIS | F50 |
| 100 ## - ENTRADA PRINCIPAL - NOME PESSOAL | |
| Nome pessoal | Silva, D.R. |
| 100 ## - ENTRADA PRINCIPAL - NOME PESSOAL | |
| Nome pessoal | Brenzan, M.A. |
| 100 ## - ENTRADA PRINCIPAL - NOME PESSOAL | |
| Nome pessoal | Albiero, A.L.M. |
| 100 ## - ENTRADA PRINCIPAL - NOME PESSOAL | |
| Nome pessoal | Cortez, L.E.R. |
| 100 ## - ENTRADA PRINCIPAL - NOME PESSOAL | |
| Nome pessoal | Cortez, D.A.G. |
| 245 ## - TÍTULO PRINCIPAL | |
| Título principal | Contribuição ao estudo farmacognóstico da Piper ovatum Vahl |
| 500 ## - NOTA GERAL | |
| Nota geral | Publicação on-line; 23 ref.; 16 illus.; Summaries (En, Pt) |
| 942 ## - ADDED ENTRY ELEMENTS (KOHA) | |
| Koha item type | |
| 520 ## - NOTA DE RESUMO | |
| Nota de conteúdo | <br/><br/>RESUMO: <br/><br/>O presente estudo descreve as características morfo-anatômicas dos órgãos<br/>vegetativos e do pó da Piper ovatum Vahl de modo que os dados obtidos possam ser utilizados<br/>como referência em análises de controle de qualidade de amostras de fármacos, a fim de<br/>verificar sua autenticidade. As raízes, caules, pecíolos e folhas foram fixadas, seccionadas à<br/>mão livre e coradas, as secções transversais e paradérmicas foram analisadas por microscopia<br/>óptica e a superfície do limbo foi observada, também, por microscopia eletrônica de varredura<br/>(MEV). Os órgãos vegetativos da P. ovatum apresentam morfologia e anatomia similar às<br/>outras espécies de Piper. No entanto, não foram observadas inclusões celulares nas folhas de<br/>P. ovatum. Análises por MEV mostraram a presença de tricomas glandulares constituídos de<br/>pedúnculo unicelular e porção secretora globóide igualmente unicelular recoberto por cutícula,<br/>na epiderme abaxial das folhas. Também foi observada a presença de uma cutícula espessa<br/>e que origina crostas no limite entre uma célula e outra, em ambas as superfícies foliares. No<br/>mesófilo foi observada a presença de idioblastos oleíferos característica marcante de outras<br/>espécies de Piperaceae. Além disso, na microscopia do pó foram observados hipoderme e<br/>idioblastos oleíferos em fragmentos do limbo, fragmentos de fibras esclerenquimáticas do<br/>caule, além de células esclerosas isoladas ou em grupos no pecíolo. O perfil cromatográfico<br/>do extrato hidroetanólico das folhas de P. ovatum foi obtido por cromatografia líquida de alta<br/>eficiência (CLAE). Nas análises por CLAE foram identificados como substâncias majoritárias<br/>do extrato as amidas piperovatina e piperlonguminina nos tempos de retenção de 10,25 e<br/>10,81 min., respectivamente.<br/><br/>Palavras-chave: Piper ovatum, farmacobotânica, piperovatina, piperlonguminina, perfil<br/>cromatográfico. |
| 520 ## - NOTA DE RESUMO | |
| Nota de conteúdo | <br/><br/>ABSTRACT: <br/><br/>Contribution to the pharmacognostic study of Piper ovatum Vahl. The present<br/>study describes the morphological and anatomical characteristics of vegetative organs and<br/>powder of the Piper ovatum Vahl, in order to use the obtained data as reference in the quality<br/>control tests of pharmaceutical samples, investigating their authenticity. The roots, stems, petioles<br/>and leaves were fixed, freehand sectioned and stained according to usual microtechniques.<br/>The transverse and paradermal sections were analyzed by optical microscopy and the leaf<br/>surface was also observed by scanning electron microscopy (SEM). The vegetative organs<br/>of the P. ovatum show morphology and anatomy similar to other species of Piper. However,<br/>cellular inclusions were not observed in the P. ovatum leaves. The SEM analysis showed the<br/>presence of glandular trichomes consisting of a unicellular stalk and globular secretory portion<br/>covered by cuticle on the abaxial surface of the leaves. The SEM also had shown one thick<br/>cuticle forming crusts in the limit of the epidermal cells, on both leaf surfaces. In the mesophyll,<br/>we observed oil idioblasts, which are typical features of other species of Piperaceae. Moreover,<br/>in the powder of the P. ovatum we observed hypodermis and oil idioblasts in leaf fragments,<br/>fragments of sclerenchyma fibers from the stem and isolated sclereids or in petiole groups.<br/>The chromatographic profile of the hydroethanolic extract of the P. ovatum leaves was obtained<br/>by high performance liquid chromatography (HPLC). In this analysis, we identified the amides<br/>piperovatine and piperlonguminine in the retention times of 10.25 and 10.81 min., respectively,<br/>as majority compounds present in the extract.<br/><br/>Key words: Piper ovatum, pharmacobotany, piperovatine, piperlonguminine, chromatographic profile. |
| 650 ## - ASSUNTO - THESAGRO | |
| Cabeçalho tópico ou nome geográfico | PIPERACEAE |
| 650 ## - ASSUNTO - THESAGRO | |
| Cabeçalho tópico ou nome geográfico | FARMACOLOGIA |
| 650 ## - ASSUNTO - THESAGRO | |
| Cabeçalho tópico ou nome geográfico | BOTÂNICA |
| 650 ## - ASSUNTO - THESAGRO | |
| Cabeçalho tópico ou nome geográfico | CROMATOGRAFIA |
| 773 0# - ENTRADA ANALÍTICA | |
| Host Biblionumber | 3543 |
| Registro do item | 315533 |
| Imprenta | Botucatu-SP Instituto de Biociências - Departamento de Química e Bioquímica 1998 |
| Outro identificador | 2024-1859 |
| Título | Revista Brasileira de Plantas Medicinais (Brazil) |
| ISSN | 1516-0572 |
| Colação | v. 17(2) p. 324-330; (2015) |
| Número de controle de registro | BR2024001350 |
| 856 ## - ACESSO E ENDEREÇO ELETRÔNICO | |
| Identificador uniforme de recurso - URI | https://www.scielo.br/j/rbpm/a/frDKm4gGzwYnHq8kzs5dwQL/?format=pdf&lang=pt |
Nenhum exemplar disponível.

BINAGRI